| 000 | 00567nam a22001817a 4500 | ||
|---|---|---|---|
| 005 | 20231206091750.0 | ||
| 008 | 231206b |||||||| |||| 00| 0 eng d | ||
| 020 | _a070215606 X ; 0702156132 | ||
| 041 | _aEnglish | ||
| 082 | _a348 JUT | ||
| 100 |
_aJUTA LAW STATUTES EDITORS _lEnglish |
||
| 245 |
_aJuta's Statutes of South Africa / _cJUTA LAW STATUTES EDITORS |
||
| 250 | _aTenth Edition | ||
| 260 |
_aCape Town : _bJuta Law, _c2000 |
||
| 300 |
_b446 pages ; _c26,5 cm. |
||
| 650 |
_aLegal practice _bLaw |
||
| 942 |
_cBK _6ALISON_BN_VRIES |
||
| 999 |
_c1143 _d1143 |
||